000 00195 a2200097 4500
001 19273
100 _aFaires, V M
245 _aMechanisni
260 _a
_bMc Graw Hill
_c
090 _c14159
_d14159
942 _aNUST-CAE
_cM
_c4624
999 _c254346
_d254346